[Event "IV Open A"]
[Site "Lodi ITA"]
[Date "2008.06.14"]
[Round "2"]
[White "Leon Hoyos, Manuel"]
[Black "Giretti Kanev, Jasen"]
[Result "1-0"]
[WhiteElo "2490"]
[BlackElo "2226"]
[PlyCount "153"]
[EventDate "2008.06.13"]

1. e4 c6 2. c4 g6 3. d4 Bg7 4. Nc3 d6 5. Be2 Nd7 6. Nf3 Qc7 7. O-O Ngf6 8. Be3
O-O 9. Qd2 a6 10. Rac1 b6 11. h3 c5 12. d5 Rb8 13. a4 Ne8 14. Nh2 Rb7 15. f4
Bd4 16. Bxd4 cxd4 17. Qxd4 Qc5 18. Nf3 a5 19. Kh2 Qxd4 20. Nxd4 Nc5 21. Rcd1
Bd7 22. b3 Ng7 23. Bf3 Rbb8 24. Rfe1 Rfe8 25. Re3 h5 26. Ncb5 Bxb5 27. Nxb5 h4
28. Bg4 f6 29. Nd4 Rf8 30. Rd2 Kf7 31. Rf2 Kg8 32. Bd1 Rbc8 33. Rd2 Rce8 34.
Kg1 e5 35. dxe6 Ngxe6 36. Ne2 Nb7 37. Bc2 Nec5 38. Kf2 Re7 39. Nc3 f5 40. exf5
Rxe3 41. Kxe3 Re8+ 42. Kf2 gxf5 43. Nd5 Kg7 44. Re2 Ne4+ 45. Ke1 Nbc5 46. Re3
Rb8 47. Bb1 Kf7 48. Bc2 Rg8 49. Kf1 Rb8 50. Kg1 Kg7 51. Re1 Kf7 52. Ne3 Kf6 53.
Rd1 Ke6 54. Rd5 Rf8 55. Kf1 Ng3+ 56. Kf2 Nge4+ 57. Ke1 Rf7 58. Bxe4 fxe4 59.
f5+ Kd7 60. Ng4 Kc6 61. f6 Nxb3 62. Ke2 Nc5 63. Rg5 Kd7 64. Ke3 Ke6 65. Rg8
Nxa4 66. Kxe4 Nc5+ 67. Kf4 a4 68. Ra8 d5 69. cxd5+ Kxd5 70. Kf5 Rb7 71. Ne5 b5
72. Rd8+ Nd7 73. Rxd7+ Rxd7 74. Nxd7 a3 75. f7 a2 76. f8=Q a1=Q 77. Qa8+ 1-0

[Event "IV Open A"]
[Site "Lodi ITA"]
[Date "2008.06.14"]
[Round "2"]
[White "Pedini, Dario"]
[Black "Izsak, Gyula"]
[Result "1/2-1/2"]
[WhiteElo "2086"]
[BlackElo "2427"]
[PlyCount "27"]
[EventDate "2008.06.13"]

1. e4 c5 2. Nc3 e6 3. g3 Nc6 4. Bg2 g6 5. d3 Bg7 6. f4 Nge7 7. Nf3 b6 8. O-O
O-O 9. g4 f5 10. gxf5 exf5 11. e5 d6 12. d4 Ba6 13. Re1 dxe5 14. dxe5 1/2-1/2

[Event "IV Open A"]
[Site "Lodi ITA"]
[Date "2008.06.14"]
[Round "2"]
[White "Pienabarca, Nicola"]
[Black "Saccona, Silvano"]
[Result "0-1"]
[WhiteElo "2081"]
[BlackElo "2178"]
[PlyCount "86"]
[EventDate "2008.06.13"]

1. d4 c6 2. Nf3 d5 3. g3 Bf5 4. Bg2 Nd7 5. O-O e6 6. b3 Ngf6 7. c4 Be7 8. Bb2
O-O 9. Nc3 h6 10. Nd2 Re8 11. e4 dxe4 12. Ncxe4 Nxe4 13. Nxe4 Nf6 14. Qe2 Qb6
15. Rfd1 Rad8 16. Rd2 Nxe4 17. Bxe4 Bg5 18. Rd3 Bxe4 19. Qxe4 Qa5 20. Bc3 Qa3
21. Qe2 Rd7 22. Rad1 Red8 23. h4 Bf6 24. Qd2 Qa6 25. Qc2 Qb6 26. Qd2 Qc7 27.
Qe3 Qd6 28. d5 Bxc3 29. Rxc3 Qa3 30. Rcd3 exd5 31. cxd5 cxd5 32. Rd4 Qxa2 33.
Ra4 Qc2 34. Rc1 Qb2 35. Rxa7 d4 36. Qe1 Qxb3 37. Rb1 Qc3 38. Qd1 Qc6 39. Qd3
Rc7 40. Rba1 Qc3 41. Qf5 Rdc8 42. R7a3 Qb2 43. Qf4 Rc1+ 0-1

[Event "IV Open A"]
[Site "Lodi ITA"]
[Date "2008.06.14"]
[Round "2"]
[White "Sbarra, Marco"]
[Black "Castrogiovanni, Carlo"]
[Result "1-0"]
[WhiteElo "2243"]
[BlackElo "2073"]
[PlyCount "80"]
[EventDate "2008.06.13"]

1. d4 Nf6 2. c4 c5 3. d5 e5 4. Nc3 d6 5. e4 Be7 6. Be2 Nbd7 7. g4 Nf8 8. Be3
Qa5 9. Bd2 Qb6 10. g5 N6d7 11. h4 Ng6 12. Nf3 Nf4 13. Bxf4 exf4 14. Qd2 h6 15.
O-O-O Nf8 16. Qxf4 Ng6 17. Qg3 h5 18. Nd2 Bd7 19. f4 O-O-O 20. Bd3 Rdf8 21. e5
Qc7 22. e6 Be8 23. Rhf1 a6 24. f5 Ne5 25. f6 gxf6 26. gxf6 Rfg8 27. Qh3 Nxd3+
28. Qxd3 Bf8 29. Rg1 Bh6 30. Kb1 Rg4 31. Nf3 fxe6 32. Rxg4 hxg4 33. Ng5 e5 34.
f7 Bd7 35. Ne6 Bxe6 36. dxe6 Bf8 37. Qf5 Be7 38. Nd5 Qd8 39. Rf1 g3 40. Nxe7+
Qxe7 1-0

[Event "IV Open A"]
[Site "Lodi ITA"]
[Date "2008.06.14"]
[Round "2"]
[White "Schneider-Zinner, Harald"]
[Black "Fedorchuk, Sergey A."]
[Result "1/2-1/2"]
[WhiteElo "2350"]
[BlackElo "2671"]
[PlyCount "43"]
[EventDate "2008.06.13"]

1. d4 Nf6 2. c4 e6 3. Nf3 b6 4. g3 Ba6 5. Qa4 Bb7 6. Bg2 c5 7. dxc5 Bxc5 8. O-O
Be7 9. Nc3 Na6 10. Rd1 O-O 11. Bf4 Qc8 12. Rac1 Rd8 13. Nb5 Bc6 14. Qb3 Nc5 15.
Qa3 Ng4 16. Nxa7 Qb7 17. Nxc6 Rxa3 18. Nxe7+ Kf8 19. Bd6 Rxa2 20. Nf5+ Kg8 21.
Ne7+ Kf8 22. Nf5+ 1/2-1/2

[Event "IV Open A"]
[Site "Lodi ITA"]
[Date "2008.06.14"]
[Round "2"]
[White "Sciortino, Massimo"]
[Black "Tiviakov, Sergei"]
[Result "0-1"]
[WhiteElo "2217"]
[BlackElo "2635"]
[PlyCount "92"]
[EventDate "2008.06.13"]

1. e4 d5 2. exd5 Qxd5 3. Nc3 Qd6 4. d4 Nf6 5. Bc4 a6 6. a4 Qc6 7. Be2 Qxg2 8.
Bf3 Qg6 9. Nge2 Qf5 10. Ng3 Qd7 11. Bg5 Nc6 12. d5 Ne5 13. Be2 h6 14. Be3 e6
15. Qd4 Ng6 16. dxe6 fxe6 17. Bd3 Kf7 18. O-O-O Qxd4 19. Bxd4 Nf4 20. Bc4 c6
21. Bxf6 gxf6 22. Rd8 Nd5 23. Nce4 Ke7 24. Nd6 Kxd8 25. Nf7+ Ke7 26. Nxh8 Bg7
27. Ng6+ Kf7 28. Nh4 Bd7 29. Rg1 Rg8 30. Ne4 f5 31. Ng3 Bf6 32. Nf3 e5 33. Rd1
Be6 34. Re1 e4 35. Nd2 Bg5 36. Be2 Rd8 37. Bh5+ Kf6 38. Ngf1 Nf4 39. Bd1 Ng2
40. Re2 Bc4 41. Re3 Bxf1 42. Nxf1 Bxe3+ 43. Nxe3 Nxe3 44. fxe3 f4 45. Be2 fxe3
46. Bg4 Ke5 0-1

[Event "IV Open A"]
[Site "Lodi ITA"]
[Date "2008.06.14"]
[Round "2"]
[White "Welling, Gerard"]
[Black "Bozzali, Ermanno"]
[Result "1-0"]
[WhiteElo "2378"]
[BlackElo "2202"]
[PlyCount "105"]
[EventDate "2008.06.13"]

1. d4 e6 2. Nf3 Nf6 3. Nbd2 c5 4. e3 b6 5. c3 Bb7 6. Bd3 Be7 7. O-O O-O 8. e4
Ba6 9. Qe2 Bxd3 10. Qxd3 d5 11. dxc5 bxc5 12. Re1 dxe4 13. Qxd8 Rxd8 14. Ng5
Nc6 15. Ngxe4 Nxe4 16. Nxe4 Ne5 17. Be3 Nd3 18. Re2 h6 19. f3 Rab8 20. b3 f5
21. Nf2 Rb7 22. Rd1 Nxf2 23. Rxd8+ Bxd8 24. Kxf2 c4 25. bxc4 Bf6 26. Bd4 Kf7
27. Bxf6 Kxf6 28. Ke3 e5 29. Kd3 Rd7+ 30. Kc2 h5 31. Kb3 h4 32. c5 Ke6 33. Kc4
g5 34. a4 h3 35. gxh3 Rh7 36. c6 Kd6 37. Kb5 Rxh3 38. Rd2+ Kc7 39. Rd7+ Kc8 40.
Rxa7 Rxh2 41. Rf7 e4 42. Rxf5 exf3 43. Rxf3 g4 44. Rf8+ Kc7 45. Rf7+ Kc8 46.
Rg7 Rc2 47. c4 Rb2+ 48. Kc5 Rg2 49. a5 g3 50. a6 Ra2 51. a7 g2 52. Rxg2 Rxa7
53. Kb6 1-0

[Event "IV Open A"]
[Site "Lodi ITA"]
[Date "2008.06.14"]
[Round "3"]
[White "Bonade', Massimo"]
[Black "Sciortino, Massimo"]
[Result "1-0"]
[WhiteElo "2135"]
[BlackElo "2217"]
[PlyCount "87"]
[EventDate "2008.06.13"]

1. d4 d6 2. Nf3 f5 3. g3 Nf6 4. Bg2 e6 5. O-O Be7 6. c4 O-O 7. Nc3 a5 8. Re1
Ne4 9. Qc2 Nc6 10. Nxe4 Nb4 11. Qb1 fxe4 12. Qxe4 e5 13. g4 exd4 14. Nxd4 Bh4
15. Rf1 Re8 16. Qf4 Bf6 17. a3 Be5 18. Qd2 Na6 19. f4 Bxd4+ 20. Qxd4 Nc5 21. f5
Nb3 22. Qd5+ Kh8 23. Rb1 Rxe2 24. Bf4 a4 25. Bf3 Re8 26. Rfe1 Ra5 27. Qf7 Rf8
28. Qe7 Qxe7 29. Rxe7 Rc5 30. Rbe1 Nd4 31. Bg2 h5 32. Re8 Kg8 33. R8e7 hxg4 34.
Be3 Nc2 35. Bxc5 Nxe1 36. Bd5+ Kh7 37. Bd4 Nf3+ 38. Bxf3 gxf3 39. Rxg7+ Kh6 40.
f6 c5 41. Bc3 Be6 42. Kf2 Bxc4 43. Kxf3 Bd5+ 44. Kg4 1-0

[Event "IV Open A"]
[Site "Lodi ITA"]
[Date "2008.06.14"]
[Round "3"]
[White "Bove, Alessandro"]
[Black "Lenic, Luka"]
[Result "1/2-1/2"]
[WhiteElo "2215"]
[BlackElo "2584"]
[PlyCount "103"]
[EventDate "2008.06.13"]

1. e4 c5 2. Nf3 e6 3. c3 d5 4. e5 d4 5. Bd3 Nc6 6. O-O Nge7 7. Re1 b6 8. Qe2
Bb7 9. Be4 Qd7 10. c4 h6 11. d3 g5 12. a3 a5 13. h3 Ng6 14. Bxg6 fxg6 15. Nbd2
Bg7 16. Ne4 O-O 17. h4 g4 18. Nh2 Nxe5 19. Nxg4 Nxg4 20. Qxg4 Qf7 21. f3 Qf5
22. Nd6 Qxg4 23. fxg4 Bc6 24. Rxe6 Rf6 25. Rxf6 Bxf6 26. Bxh6 Rd8 27. Bf4 Bxh4
28. g5 Bxg5 29. Bxg5 Rxd6 30. Re1 Bd7 31. Kf2 Be6 32. Ke2 a4 33. Kd2 Rc6 34. b3
axb3 35. Rb1 Kf7 36. Rxb3 Ke8 37. Rb1 Kd7 38. Rh1 Kc8 39. Rh8+ Kb7 40. Bf4 Bg4
41. Rh7+ Ka6 42. Bb8 b5 43. Rc7 Rxc7 44. Bxc7 bxc4 45. dxc4 Be6 46. Kd3 Bf5+
47. Kd2 Be4 48. g3 Bg2 49. Ke2 Bc6 50. Bd8 Ba4 51. g4 Kb7 52. g5 1/2-1/2

[Event "IV Open A"]
[Site "Lodi ITA"]
[Date "2008.06.14"]
[Round "3"]
[White "Corvi, Marco"]
[Black "Bertani, Gianfranco"]
[Result "1-0"]
[WhiteElo "2347"]
[BlackElo "2133"]
[PlyCount "85"]
[EventDate "2008.06.13"]

1. c4 f5 2. Nc3 Nf6 3. d4 e6 4. e3 d5 5. Bd3 c6 6. Nge2 Bd6 7. f3 O-O 8. Qc2
Na6 9. a3 dxc4 10. Bxc4 b5 11. Bb3 Kh8 12. O-O Qe8 13. e4 fxe4 14. Nxe4 Nxe4
15. Qxe4 Bd7 16. Bf4 Bxf4 17. Nxf4 e5 18. Ne2 exd4 19. Nxd4 Qxe4 20. fxe4 c5
21. Nf3 c4 22. Bc2 Nc5 23. Rad1 Bc6 24. e5 Rae8 25. Rd6 Bxf3 26. Rxf3 Rxf3 27.
gxf3 g5 28. Rd5 Ne6 29. Be4 a6 30. Kf2 Rd8 31. Ke3 Kg7 32. Rxd8 Nxd8 33. Kd4 h5
34. Kc5 Ne6+ 35. Kd6 Nf4 36. e6 Nxe6 37. Kxe6 a5 38. Kd5 Kf6 39. Kc5 b4 40.
axb4 axb4 41. Kxb4 Ke5 42. Kxc4 g4 43. fxg4 1-0

[Event "IV Open A"]
[Site "Lodi ITA"]
[Date "2008.06.14"]
[Round "3"]
[White "Farago, Ivan"]
[Black "Schneider-Zinner, Harald"]
[Result "1-0"]
[WhiteElo "2470"]
[BlackElo "2350"]
[PlyCount "171"]
[EventDate "2008.06.13"]

1. d4 Nf6 2. c4 e6 3. Nf3 b6 4. a3 Bb7 5. Nc3 d5 6. cxd5 Nxd5 7. Bd2 Nf6 8. Rc1
Be7 9. Qa4+ c6 10. g3 O-O 11. Bg2 Nbd7 12. O-O c5 13. Rfd1 cxd4 14. Nxd4 Bxg2
15. Kxg2 Nc5 16. Qc4 Rc8 17. Bf4 Qd7 18. Ndb5 Qb7+ 19. f3 a6 20. Nd6 Bxd6 21.
Bxd6 Nce4 22. Nxe4 Rxc4 23. Nxf6+ gxf6 24. Rxc4 Rc8 25. Rg4+ Kh8 26. Bb4 e5 27.
Bc3 a5 28. Rd6 h5 29. Rh4 Kg7 30. Rxh5 Qc7 31. Rd3 Rh8 32. Rxh8 Kxh8 33. Rd5
Qc4 34. Rd2 Kg7 35. e4 Qc5 36. Re2 Qc7 37. Rd2 Qc5 38. Re2 Qc7 39. Re3 b5 40.
Kf2 Qb6 41. Bd2 Qd4 42. Bc3 Qb6 43. Ke2 b4 44. axb4 axb4 45. Be1 Qd4 46. b3 Qc5
47. Bd2 Qb5+ 48. Kf2 Qc5 49. h4 Qd6 50. Ke2 Qa6+ 51. Rd3 Qb5 52. g4 Kh7 53. h5
Kg7 54. Be1 Qa5 55. Re3 Qb5+ 56. Rd3 Qa5 57. Bd2 Qb5 58. Bc1 Qc5 59. Kd1 Kh7
60. Bd2 Kg7 61. Be3 Qa5 62. Ke1 Qb5 63. Kd2 Qa5 64. Ke2 Qa2+ 65. Kf1 Qb1+ 66.
Ke2 Qa2+ 67. Bd2 Qa6 68. Bxb4 Qb5 69. Bd2 Qa6 70. b4 Qc4 71. Ke3 Qb5 72. Bc3
Qc4 73. Bd2 Kh7 74. Rd6 Kg7 75. Kf2 Qc7 76. Rd5 Qa7+ 77. Be3 Qa2+ 78. Kg3 Qa1
79. b5 Qe1+ 80. Bf2 Qb4 81. b6 Qb1 82. Rd7 Qb5 83. b7 Qb4 84. Rc7 Qb2 85. g5
fxg5 86. h6+ 1-0

[Event "IV Open A"]
[Site "Lodi ITA"]
[Date "2008.06.14"]
[Round "3"]
[White "Fedorchuk, Sergey A."]
[Black "Leon Hoyos, Manuel"]
[Result "1/2-1/2"]
[WhiteElo "2671"]
[BlackElo "2490"]
[PlyCount "48"]
[EventDate "2008.06.13"]

1. e4 c5 2. Nf3 g6 3. d4 cxd4 4. Qxd4 Nf6 5. e5 Nc6 6. Qa4 Nd5 7. Qe4 Ndb4 8.
Bb5 Qa5 9. Nc3 Bg7 10. O-O O-O 11. a3 d5 12. Qh4 Nxc2 13. Ra2 d4 14. b4 Qb6 15.
Bxc6 Qxc6 16. Rxc2 dxc3 17. Bd2 Bf5 18. Rxc3 Qd7 19. Bh6 Rfc8 20. Re3 Bh8 21.
h3 b5 22. Qd4 Qc7 23. Bg5 Rd8 24. Qf4 Qc4 1/2-1/2

[Event "IV Open A"]
[Site "Lodi ITA"]
[Date "2008.06.14"]
[Round "3"]
[White "Izsak, Gyula"]
[Black "Borgo, Giulio"]
[Result "1/2-1/2"]
[WhiteElo "2427"]
[BlackElo "2453"]
[PlyCount "138"]
[EventDate "2008.06.13"]

1. d4 d5 2. c4 e6 3. Nf3 Nf6 4. e3 Nbd7 5. Nbd2 Be7 6. b3 O-O 7. Bb2 c5 8. cxd5
Nxd5 9. Be2 cxd4 10. Nxd4 e5 11. N4f3 f6 12. O-O Nc5 13. Qc2 Be6 14. Rad1 Qe8
15. Bc4 b5 16. Be2 Rc8 17. Qb1 a6 18. Rc1 Qg6 19. Qxg6 hxg6 20. a3 Kf7 21. g3
Rfd8 22. Rfd1 Nb6 23. b4 Nb7 24. Rxc8 Rxc8 25. Rc1 Rxc1+ 26. Bxc1 Nd6 27. Kf1
Bd5 28. Ne1 e4 29. h4 Na4 30. Bd1 Nc3 31. Bb3 Ke6 32. Bb2 Bxb3 33. Nxb3 Na4 34.
Bd4 Kd5 35. Ke2 Nc4 36. Nc2 Bd6 37. f4 exf3+ 38. Kxf3 Ne5+ 39. Ke2 Nc6 40. g4
Be5 41. h5 gxh5 42. gxh5 Kc4 43. Nd2+ Kd5 44. Nb3 Bd6 45. Nd2 Be7 46. e4+ Ke6
47. Nf1 Bf8 48. Ng3 a5 49. bxa5 Nxa5 50. Nf5 Kf7 51. Kd3 Nc4 52. Be3 Nxa3 53.
Nxa3 Bxa3 54. h6 gxh6 55. Bxh6 Bb2 56. Nd6+ Kg6 57. Be3 b4 58. Bd2 Bc3 59. Bxc3
bxc3 60. Nb5 Nc5+ 61. Kxc3 Nxe4+ 62. Kd3 Kf5 63. Ke3 Ke5 64. Nd4 Nc5 65. Nc6+
Kf5 66. Ne7+ Ke6 67. Ng8 f5 68. Nh6 Ke5 69. Nxf5 Kxf5 1/2-1/2

[Event "IV Open A"]
[Site "Lodi ITA"]
[Date "2008.06.14"]
[Round "3"]
[White "Lazic, Miroljub"]
[Black "Welling, Gerard"]
[Result "1/2-1/2"]
[WhiteElo "2539"]
[BlackElo "2378"]
[PlyCount "71"]
[EventDate "2008.06.13"]

1. d4 Nf6 2. g3 d5 3. Bg2 e6 4. Nf3 c5 5. O-O Nc6 6. c4 Be7 7. cxd5 exd5 8. b3
Ne4 9. Bb2 Bf6 10. Na3 O-O 11. Nc2 Be6 12. Rb1 Qa5 13. dxc5 Bxb2 14. Rxb2 Qc3
15. Qc1 Qxc5 16. b4 Qb6 17. b5 Na5 18. Ncd4 Rac8 19. Rc2 Rxc2 20. Qxc2 Rc8 21.
Qb2 Nc4 22. Qa1 a6 23. Nxe6 fxe6 24. bxa6 Qxa6 25. Ne5 Nxe5 26. Qxe5 Qd6 27.
Qb2 Nc3 28. Qxb7 Rb8 29. Qa7 Nxe2+ 30. Kh1 Nc3 31. Qd4 Nxa2 32. Re1 Nb4 33. Bh3
Re8 34. Rxe6 Rxe6 35. Bxe6+ Qxe6 36. Qxb4 1/2-1/2

[Event "IV Open A"]
[Site "Lodi ITA"]
[Date "2008.06.14"]
[Round "3"]
[White "Massironi, Marco"]
[Black "Gerola, Fausto"]
[Result "0-1"]
[WhiteElo "2120"]
[BlackElo "2193"]
[PlyCount "79"]
[EventDate "2008.06.13"]

1. e4 e5 2. Nf3 Nc6 3. Bb5 a6 4. Ba4 Nf6 5. O-O b5 6. Bb3 Be7 7. Re1 d6 8. c3
Bg4 9. d3 O-O 10. Nbd2 Na5 11. Bc2 c5 12. Nf1 Nc6 13. Ng3 g6 14. h3 Bd7 15. a4
Ne8 16. d4 cxd4 17. axb5 axb5 18. Rxa8 Qxa8 19. cxd4 Qb7 20. Bb3 Bf6 21. Be3
Ng7 22. Bd5 Qa6 23. dxe5 Nxe5 24. Nxe5 dxe5 25. Bc5 Rd8 26. Qf3 Be8 27. Re3 Bg5
28. Ra3 Qf6 29. Qe2 Ne6 30. Be3 Bxe3 31. fxe3 Nc7 32. Rc3 Nxd5 33. exd5 Rxd5
34. Ne4 Qf5 35. Qc2 Kg7 36. Rc8 Bd7 37. Rc7 Be6 38. Kh2 Rd7 39. Rxd7 Bxd7 40.
Qc7 {...} 0-1

[Event "IV Open A"]
[Site "Lodi ITA"]
[Date "2008.06.14"]
[Round "3"]
[White "Peredy, Ferenc"]
[Black "Brigati, Alessandro"]
[Result "1/2-1/2"]
[WhiteElo "2268"]
[BlackElo "2097"]
[PlyCount "83"]
[EventDate "2008.06.13"]

1. d4 Nf6 2. Bg5 d6 3. Nc3 Nbd7 4. e4 c6 5. Qd2 b5 6. a3 Bb7 7. f3 a6 8. Nge2
Qc7 9. h4 h6 10. Be3 e5 11. O-O-O a5 12. Ng3 Ba6 13. Nf5 b4 14. axb4 axb4 15.
Nb1 c5 16. dxe5 dxe5 17. Nd6+ Bxd6 18. Qxd6 Qxd6 19. Rxd6 Bxf1 20. Rxf1 Ke7 21.
Rfd1 Rhc8 22. g4 Rc7 23. g5 hxg5 24. Bxg5 Ke8 25. b3 Nh5 26. Kb2 f6 27. Be3 Nf4
28. c3 Ne2 29. cxb4 cxb4 30. Nd2 Ke7 31. Nc4 Nc3 32. Ra1 Rxa1 33. Kxa1 Nc5 34.
Bxc5 Rxc5 35. Rb6 Rb5 36. Ra6 Rb7 37. Kb2 Ne2 38. Na5 Rd7 39. Nc6+ Kf7 40. Nxb4
Nd4 41. Nd5 Nxf3 42. h5 1/2-1/2

[Event "IV Open A"]
[Site "Lodi ITA"]
[Date "2008.06.14"]
[Round "3"]
[White "Pomaro, Alberto"]
[Black "Sbarra, Marco"]
[Result "1/2-1/2"]
[WhiteElo "2209"]
[BlackElo "2243"]
[PlyCount "42"]
[EventDate "2008.06.13"]

1. e4 e5 2. Nf3 Nc6 3. Bb5 a6 4. Ba4 Nf6 5. O-O b5 6. Bb3 Bc5 7. d3 h6 8. Nc3
O-O 9. h3 Re8 10. a4 b4 11. Ne2 d5 12. exd5 Nxd5 13. a5 Bf8 14. Ng3 Nf6 15. Re1
Bb7 16. c3 Qd7 17. Qc2 Rad8 18. Bc4 Bd6 19. Bd2 Rb8 20. Be3 Ne7 21. Qd2 Ned5
1/2-1/2

[Event "IV Open A"]
[Site "Lodi ITA"]
[Date "2008.06.14"]
[Round "3"]
[White "Saccona, Silvano"]
[Black "Buriani, Andrea"]
[Result "1/2-1/2"]
[WhiteElo "2178"]
[BlackElo "2141"]
[PlyCount "52"]
[EventDate "2008.06.13"]

1. d4 d5 2. Nf3 Nf6 3. Bf4 c6 4. c3 Bg4 5. Nbd2 e6 6. Qb3 Qb6 7. e3 Nbd7 8. h3
Bh5 9. Ne5 Nxe5 10. Bxe5 Be7 11. Rc1 O-O 12. Bxf6 Bxf6 13. Bd3 c5 14. Qc2 Bg6
15. Bxg6 hxg6 16. O-O Rac8 17. Nf3 Qc7 18. Rfe1 Rfd8 19. Rcd1 b5 20. Qe2 b4 21.
cxb4 cxb4 22. Qb5 Qb6 23. Qa4 Rc6 24. Rd2 Rdc8 25. Red1 Rc4 26. g3 Qb7 1/2-1/2

[Event "IV Open A"]
[Site "Lodi ITA"]
[Date "2008.06.14"]
[Round "3"]
[White "Vezzosi, Paolo"]
[Black "Pedini, Dario"]
[Result "1-0"]
[WhiteElo "2351"]
[BlackElo "2086"]
[PlyCount "72"]
[EventDate "2008.06.13"]

1. d4 d5 2. Bf4 Nf6 3. e3 e6 4. Nd2 c5 5. c3 Nc6 6. Bd3 Bd6 7. Bxd6 Qxd6 8. f4
cxd4 9. cxd4 Qb4 10. Rb1 Bd7 11. Ngf3 Ne7 12. Ne5 Nf5 13. Qe2 Nd6 14. Nxd7 Nxd7
15. O-O f5 16. Nf3 O-O 17. g4 Nf6 18. gxf5 exf5 19. Ne5 Rac8 20. Rbc1 Nde4 21.
Rc2 Rxc2 22. Qxc2 h5 23. Rc1 Kh7 24. Nf3 Kg8 25. h3 Re8 26. Qg2 Qe7 27. Kh2 h4
28. Ne5 Ng3 29. Qc2 Nfe4 30. Qc7 Qf8 31. Qxb7 Rb8 32. Qxd5+ Kh7 33. Rc2 Qb4 34.
Nf3 Qe7 35. Bxe4 fxe4 36. Ng5+ Kh6 1-0

[Event "IV Open A"]
[Site "Lodi ITA"]
[Date "2008.06.15"]
[Round "4"]
[White "Bonade', Massimo"]
[Black "Vezzosi, Paolo"]
[Result "0-1"]
[WhiteElo "2135"]
[BlackElo "2351"]
[PlyCount "60"]
[EventDate "2008.06.13"]

1. d4 Nf6 2. c4 e6 3. Nc3 Bb4 4. e3 b6 5. Nge2 c5 6. a3 Ba5 7. Bd2 O-O 8. Rb1
Na6 9. Qc2 Bb7 10. Ng3 Qe7 11. d5 Nc7 12. dxe6 fxe6 13. b4 cxb4 14. axb4 Bxb4
15. Rxb4 Qxb4 16. Nd5 Qd6 17. Bb4 Qe5 18. Bc3 Qd6 19. Bb4 Qe5 20. Bc3 Qg5 21.
Nxc7 Rac8 22. Nb5 Ng4 23. f4 Qc5 24. Qe2 Nxe3 25. Bd4 Qb4+ 26. Kf2 Nxc4 27. Qg4
Qd2+ 28. Kg1 e5 29. Nh5 Rf7 30. fxe5 Ne3 0-1

[Event "IV Open A"]
[Site "Lodi ITA"]
[Date "2008.06.15"]
[Round "4"]
[White "Borgo, Giulio"]
[Black "Giretti Kanev, Jasen"]
[Result "1-0"]
[WhiteElo "2453"]
[BlackElo "2226"]
[PlyCount "57"]
[EventDate "2008.06.13"]

1. d4 c6 2. e4 d5 3. Nc3 dxe4 4. Nxe4 Nf6 5. Nxf6+ gxf6 6. Be2 Bf5 7. Bf3 e6 8.
Ne2 Bd6 9. O-O Qc7 10. h3 Nd7 11. c4 O-O-O 12. Qa4 Nb6 13. Qb3 c5 14. Be3 Rhg8
15. Kh1 e5 16. dxc5 Bxc5 17. Nc3 Rd3 18. Qc2 Qd7 19. Ne4 Bxe3 20. fxe3 Bxe4 21.
Bxe4 Rd2 22. Qb3 Kb8 23. c5 f5 24. Rxf5 Nd5 25. Raf1 f6 26. c6 Qxc6 27. Rxf6
Qc5 28. Rf7 b6 29. Rd7 1-0

[Event "IV Open A"]
[Site "Lodi ITA"]
[Date "2008.06.15"]
[Round "4"]
[White "Brigati, Alessandro"]
[Black "Saccona, Silvano"]
[Result "1/2-1/2"]
[WhiteElo "2097"]
[BlackElo "2178"]
[PlyCount "55"]
[EventDate "2008.06.13"]

1. d4 c6 2. c3 d5 3. Bf4 Bf5 4. e3 Qb6 5. Qb3 Nd7 6. Nd2 e6 7. Ngf3 h6 8. h3
Ngf6 9. Be2 Be7 10. O-O O-O 11. Ne5 Nxe5 12. Qxb6 axb6 13. Bxe5 Nd7 14. Bg3 b5
15. a3 Nb6 16. Bd1 Nc4 17. Nxc4 bxc4 18. Rc1 Ra6 19. Bc2 Rb6 20. Bxf5 exf5 21.
Rc2 Ra8 22. Re1 Bf8 23. Bc7 Rb5 24. g4 Rc8 25. Bg3 fxg4 26. hxg4 Re8 27. Kg2
Re6 28. f3 1/2-1/2

[Event "IV Open A"]
[Site "Lodi ITA"]
[Date "2008.06.15"]
[Round "4"]
[White "Calella, Sergio"]
[Black "Corvi, Marco"]
[Result "0-1"]
[WhiteElo "2017"]
[BlackElo "2347"]
[PlyCount "60"]
[EventDate "2008.06.13"]

1. e4 Nf6 2. e5 Nd5 3. d4 d6 4. Nf3 Bg4 5. Be2 e6 6. c4 Nb6 7. O-O Be7 8. b3
dxe5 9. dxe5 Qxd1 10. Rxd1 Nc6 11. Bb2 Nd7 12. h3 Bh5 13. g4 Bg6 14. Nbd2 h5
15. Nf1 a5 16. Bd3 Bxd3 17. Rxd3 hxg4 18. hxg4 a4 19. Rdd1 Nc5 20. N1d2 Rh6 21.
Kg2 Nd3 22. Bc3 Nf4+ 23. Kf1 Rh1+ 24. Ng1 Rxg1+ 25. Kxg1 Ne2+ 26. Kf1 Nxc3 27.
Rdc1 Bg5 28. Rxc3 Bxd2 29. Rh3 Ke7 30. Ke2 Bf4 0-1

[Event "IV Open A"]
[Site "Lodi ITA"]
[Date "2008.06.15"]
[Round "4"]
[White "Damia, Angelo"]
[Black "Buriani, Andrea"]
[Result "1/2-1/2"]
[WhiteElo "2302"]
[BlackElo "2141"]
[PlyCount "27"]
[EventDate "2008.06.13"]

1. d4 d5 2. Bg5 Nd7 3. Nd2 Ngf6 4. e3 c5 5. c4 cxd4 6. exd4 Qb6 7. Qc2 Qxd4 8.
Ngf3 Qc5 9. Nb3 Qc7 10. O-O-O e6 11. cxd5 Qxc2+ 12. Kxc2 Nxd5 13. Bb5 f6 14.
Nbd4 1/2-1/2

[Event "IV Open A"]
[Site "Lodi ITA"]
[Date "2008.06.15"]
[Round "4"]
[White "Gerola, Fausto"]
[Black "Lazic, Miroljub"]
[Result "0-1"]
[WhiteElo "2193"]
[BlackElo "2539"]
[PlyCount "56"]
[EventDate "2008.06.13"]

1. e4 e5 2. Nf3 Nc6 3. Bc4 Bc5 4. O-O d6 5. d3 h6 6. h3 a6 7. c3 Qf6 8. Be3
Nge7 9. b4 Ba7 10. Nbd2 Ng6 11. Nh2 O-O 12. Qf3 Qh4 13. Bxa7 Nxa7 14. Qg3 Qh5
15. Ng4 Kh7 16. Rfe1 Nc6 17. Nf1 Nf4 18. Nfe3 Ne7 19. d4 f6 20. Kh2 Qg6 21. f3
h5 22. Nf2 Qh6 23. Nd3 b5 24. Nd5 bxc4 25. N3xf4 exf4 26. Qxf4 Nxd5 27. Qxh6+
Kxh6 28. exd5 Rf7 0-1

[Event "IV Open A"]
[Site "Lodi ITA"]
[Date "2008.06.15"]
[Round "4"]
[White "Korneev, Oleg"]
[Black "Farago, Ivan"]
[Result "1-0"]
[WhiteElo "2651"]
[BlackElo "2470"]
[PlyCount "53"]
[EventDate "2008.06.13"]

1. e4 e6 2. d4 d5 3. Nd2 c5 4. exd5 Qxd5 5. Ngf3 cxd4 6. Bc4 Qd6 7. O-O Nf6 8.
Nb3 Nc6 9. Nbxd4 Nxd4 10. Nxd4 a6 11. Bb3 Qc7 12. Re1 Bd6 13. h3 O-O 14. Bg5
Bh2+ 15. Kh1 Be5 16. c3 Bd7 17. Nf3 Bd6 18. Bxf6 gxf6 19. Qd4 Be7 20. Bc2 h6
21. Qg4+ Kh8 22. Qe4 f5 23. Qd4+ f6 24. Qh4 Rf7 25. Bb3 Kh7 26. Nd4 Rg7 27.
Bxe6 1-0

[Event "IV Open A"]
[Site "Lodi ITA"]
[Date "2008.06.15"]
[Round "4"]
[White "Lefevre, Margaux"]
[Black "Izsak, Gyula"]
[Result "0-1"]
[WhiteElo "1968"]
[BlackElo "2427"]
[PlyCount "76"]
[EventDate "2008.06.13"]

1. e4 c5 2. Nf3 e6 3. d4 cxd4 4. Nxd4 a6 5. Bd3 Nf6 6. O-O Qc7 7. c4 Nc6 8. Nf3
Be7 9. Nc3 Ng4 10. Bd2 O-O 11. g3 Nce5 12. Bf4 d6 13. Nxe5 Nxe5 14. Bxe5 dxe5
15. Qc2 Rd8 16. Rad1 b6 17. Rfe1 Bb7 18. a3 Bc5 19. b4 Bd4 20. Nb1 Rac8 21. Qb3
g6 22. Kg2 Kg7 23. f3 h5 24. Nc3 h4 25. Ne2 Be3 26. gxh4 Rh8 27. Ng3 Bf4 28. h5
Qe7 29. Rh1 Qg5 30. Kf2 Be3+ 31. Kf1 gxh5 32. Bc2 h4 33. Ne2 Rcd8 34. Rxd8 Rxd8
35. Qc3 Kf8 36. h3 Rd2 37. Rh2 Bd4 38. Qb3 Rxe2 0-1

[Event "IV Open A"]
[Site "Lodi ITA"]
[Date "2008.06.15"]
[Round "4"]
[White "Lenic, Luka"]
[Black "Hera, Imre jr"]
[Result "1-0"]
[WhiteElo "2584"]
[BlackElo "2524"]
[PlyCount "85"]
[EventDate "2008.06.13"]

1. d4 d5 2. c4 c6 3. Nf3 Nf6 4. e3 Bg4 5. h3 Bxf3 6. Qxf3 e6 7. Nc3 Nbd7 8. Bd3
Bd6 9. Bd2 O-O 10. cxd5 cxd5 11. O-O Nb6 12. Qe2 Rc8 13. b3 a6 14. f4 Bb4 15.
Rac1 Rc6 16. Nb1 Rxc1 17. Rxc1 Bxd2 18. Qxd2 Qe7 19. Rc5 Nc8 20. Qc2 Nd6 21.
Nd2 h5 22. Rc7 Qd8 23. Nf3 Qb8 24. Qc5 Rd8 25. Qb6 Nfe8 26. Rc5 Nf6 27. Ne5 Nd7
28. Nxd7 Rxd7 29. Bxa6 Nf5 30. Kf2 Nxd4 31. Bd3 Nf5 32. g4 hxg4 33. hxg4 Nd6
34. Rc2 Rd8 35. Qc7 Qa8 36. a4 Ne4+ 37. Kf3 Re8 38. Bb5 Rf8 39. a5 g5 40. Rh2
Rc8 41. Qe5 Kf8 42. Rh7 Ke7 43. f5 1-0